Quiz assez diifficile sur Pokémon Platine - Statistiques

Statistiques générales
  • Ce quiz a été pris 115 fois
  • Le résultat moyen est 9 sur 15
Statistiques - réponses
Hint Réponse % Correct
Quel Pokémon peut être vu en groupe, bloquant le passage entre Bonville et Célestia? Psykokwak
91%
Shaymin possède deux formes: Terrestre et... ...Céleste
86%
Quelle est la ville d'origine de Cynthia? Célestia
86%
Avec qui le Professeur Sorbier a-t-il travaillé étant plus jeune? Le Professeur Chen
86%
Des Commandants de la Team Galaxie, quel est le seul à être présent dans le jeu après les évènements de l'histoire ? Saturne
84%
Quelle est la capacité ultime de type Eau? Hydroblast
78%
Dans quelle ville obtient-on l'Explorakit? Vestigion
76%
De quelle ville vient Aurore/Louka? Littorella
71%
De quel Dresseur Cornil est-il le frère? Adrien
56%
Combien d'espèces de Pokémon sont admises au Square Paisible d'Unionpolis? 20
51%
Quel est le nom du 3eme Badge? Le Badge Fantôme
43%
Par qui sont remplacés les Etourmi sauvages qui nous attaquent dans Diamant et Perle? Hélio
36%
Quel chemin mène à la grotte où Giratina peut être capturé après la Ligue? Chemin Source
33%
Comment s'appelle le propriétaire du Manoir Pokémon? M.Décorum
23%
Comment s'appelle l'endroit où il est possible de combattre à nouveau les Champions d'Arène? Le Café Combats
18%
Aucun quiz correspondant
Distribution des résultats
% des personnes avec chaque résultat
Percentile par nombre de réponses
Votre historique - résultats
Vous n’avez pas pris ce quiz